| 000 | 00583nam a2200205Ia 4500 | ||
|---|---|---|---|
| 005 | 20250923144835.0 | ||
| 008 | 008 250917s9999 xx 000 0 eng d | ||
| 037 | _aTextual | ||
| 040 |
_aDSWL _beng _cDSWL |
||
| 041 |
_aeng _2eng |
||
| 084 |
_aY1:4511.41CN5u, J8 _qDSWL |
||
| 100 |
_aYap, P.M. _9828951 |
||
| 245 | 0 |
_aSuicide in Hong Kong _cby P.M. Yap |
|
| 260 |
_aHong Kong _bKongHong Kong University _c1958 |
||
| 300 | _ax,101p. | ||
| 365 |
_aINR _b12.6 |
||
| 925 | _g12.6 | ||
| 942 |
_cTEXL _hY1:4511.41CN5u, J8 |
||
| 999 |
_c1444002 _d1444002 |
||